|
|
|
|
| LEADER |
00000nab a2200000 a 4500 |
| 001 |
vtls000839491 |
| 003 |
SK-MaSNL |
| 005 |
20260304111752.0 |
| 008 |
250429c2003 xo 0 slo |
| 015 |
|
|
|a SNBRB2003/07-19623
|
| 035 |
|
|
|a CLN000191146
|
| 035 |
|
|
|a urn:nbn:sk:snk-ab7a3k
|
| 035 |
|
|
|a (uuid)a0fe054e-94e6-4d79-aff9-83af04d0817a
|
| 035 |
|
|
|a (urnnbn)urn:nbn:sk:snk:ar-a07d7j
|
| 035 |
|
|
|a (sysno)vtls000839491
|
| 040 |
|
|
|a SNKBUCL
|b slo
|c SNKBUCL
|e AACR2
|
| 041 |
0 |
|
|a slo
|
| 044 |
|
|
|a xo
|c SK
|
| 080 |
|
|
|a 929.5/.6:930.253(437.6)
|2 1997
|
| 080 |
|
|
|a 930.253(437.6):929.5/.6
|2 1997
|
| 100 |
1 |
|
|a Zubko, Peter,
|d 1972-
|4 aut
|9 102438
|
| 245 |
1 |
0 |
|a Genealogicko-heraldické pramene v rímskokatolíckom arcibiskupskom archíve v Košiciach
|c Peter Zubko
|
| 300 |
|
|
|b Fotogr.
|
| 504 |
|
|
|a Bibliogr. odkazy a pozn.
|
| 610 |
2 |
7 |
|a Rímskokatolícka cirkev (Slovensko).
|b Košické arcibiskupstvo
|2 snkbucl
|9 1282111
|
| 650 |
0 |
7 |
|a genealogické archiválie
|2 snkbucl
|9 25466
|
| 650 |
0 |
7 |
|a heraldické archiválie
|2 snkbucl
|9 25467
|
| 651 |
|
7 |
|a Košice (Slovensko)
|2 snkbucl
|9 18694
|
| 655 |
|
7 |
|a články z novín a časopisov
|2 snkbucl
|9 267496
|
| 773 |
0 |
|
|t Genealogicko-heraldický hlas
|g Roč. 13, č. 1 (2003), s. 53-55
|x 1335-0137
|
| 850 |
|
|
|a Slovenská národná knižnica
|
| 852 |
|
|
|a Slovenská národná knižnica
|
| 856 |
4 |
1 |
|u http://www.genealogy-heraldry.sk/pdf/GHH2003_1.pdf
|
| 954 |
|
|
|a odborná, vedecká literatúra pôvodná (slovenská)
|2 lita
|
| 958 |
|
|
|a article27
|
| 958 |
|
|
|a NB
|
| 958 |
|
|
|a OND
|
| 958 |
|
|
|a EUIPO
|
| 992 |
|
|
|a RBX
|
| 999 |
|
|
|c 2863213
|d 2865143
|